Capoluoghi e Iniziali delle Regioni - Quiz n°8 - Statistics

Statistiche generali
  • Questo quiz è stato fatto 23 volte
  • Il punteggio medio è 10 su 10
Statistiche sulle risposte
Hint Risposta % Corretto
Bologna E
100%
Varese L
100%
Viterbo L
100%
Ragusa S
100%
Trapani S
100%
Grosseto T
100%
Lucca T
100%
Teramo A
94%
Imperia L
94%
Piacenza E
83%
Nessun quiz corrispondente trovato
Distribuzione punteggi
Percentuale di utenti per punteggio
Percentile per numero di risposta
I tuoi punteggi nel tempo
Non hai fatto questo quiz